000 00680nam a22001937a 4500
008 160817b xxu||||| |||| 00| 0 eng d
020 _a0-324-64627-5
082 _22008
_aDC 332.6457
_bC36i
100 _912918
_aChance, Don M.
245 _aAn introduction to derivatives and risk management/
_cDon M. Chance, Robert Brooks.
250 _a7th edition
260 _aAustralia:
_bThomson South-Western,
_cc2008.
300 _axiv, 653 pages:
_billustrations;
_c26 cm.
500 _aIncludes bibliographical references and index.
650 0 _912919
_aDerivative securities
650 0 _912920
_aRisk management
700 _912921
_aBrooks, Robert
_eAuthor
942 _2ddc
_cDC
999 _c3878
_d3878